000 00721nam a22002417a 4500
999 _c4763
_d4763
003 AR-CdUCM
008 190311b ||||| |||| 00| 0 spa d
040 _aMUNICIPALIDAD PROVINCIAL DEL CUSCO
_cBIBLIOTECA MUNICIPAL DEL CUSCO
041 _hfre
082 _a848.9 /
_bSA24
100 _aSand, George
_914737
245 _aUn Invierno en Mallorca /
260 _aBarcelona :
_bMateu ;
_c1964.
300 _a253 páginas ;
_c18cm
440 _aColección Todo para Muchos
_n116
_914738
505 _aContenido: Relatos
650 _aDescripciones
_914739
650 _aViajes
_9856
650 _aLiteratura francesa
_99529
700 _aCasán, Tello (traducción)
_914740
942 _2ddc
_cLIBROS
945 _anom